000 00608nam a2200217Ia 4500
003 OSt
005 20220928134927.0
006 a|||||r|||| 00| 0
007 ta
008 220927b |||||||| |||| 00| 0 eng d
024 _a289
037 _cTextual
040 _aSDCL
_cSDCL
_beng
041 _2eng
_aeng
082 _aX, M1
100 _aMishan E J
_9412768
245 0 _aEconomic efficiency and social welfare
_b Selected essays on fundamental aspects of the economic theory of social welfare
260 _c1981
942 _hX, M1
_cTEXL
_2CC
999 _c804338
_d804338